000 01005nam a22002777a 4500
003 dpl
005 20180717125454.0
008 180717b xxu||||| |||| 00| 0 eng d
010 _aA-716600
020 _c50.00
035 _aA-716600, A-716618
037 _bCen Lib/Ret
040 _aDPL
_bHN
_c0
082 _a
_bधर्मप
100 _aधर्मपाल
_975129
245 _aबस्ती /
_cधर्मपाल
246 _aBasti
_bby Dharampal
260 _aनई दिल्ली
_bसुयोग्य प्रकाशन
_c1994
270 _aw-ग्रेटर कैलाश पार्ट -I
_bनई दिल्ली
_e110046
300 _a122पृष्ठ.
_c17सेमी(सजिल्द )
650 _aहिंदी साहित्य
_975130
650 _aहिंदी उपन्यास
_975131
650 _aHindi Literature
_975132
650 _aHindi novel
_975133
942 _2ddc
_cHN
_h
_mधर्मप
999 _c117526
_d117526